My Singing Monsters | All Monsters - Statistics

General Stats
  • This quiz has been taken 120 times
    112 since last reset
  • The average score is 70 of 193
Answer Stats
Monster Type of Monster Elements First Appearance % Correct
Noggin Natural Earth Plant Island
92%
Toe Jammer Natural Water Plant Island
89%
Mammott Natural Cold Plant Island
83%
Tweedle Natural Air Cold Island
79%
Potbelly Natural Plant Plant Island
78%
Drumpler Natural Earth, Cold Plant Island
76%
Furcorn Natural Plant, Cold Plant Island
75%
Fwog Natural Earth, Water Plant Island
73%
Maw Natural Water, Cold Plant Island
73%
Bowgart Natural Plant, Water, Cold Plant Island
71%
Oaktopus Natural Plant, Water Plant Island
71%
Re Dipster Dipster Plant Island
71%
Entbrat Natural Plant, Earth, Water, Cold Plant Island
70%
PomPom Natural Air, Earth, Cold Air Island
70%
T-Rox Natural Earth, Water, Cold Plant Island
70%
Shrubb Natural Plant, Earth Plant Island
68%
Clamble Natural Plant, Earth, Cold Plant Island
67%
Dandidoo Natural Air, Plant Cold Island
67%
Kayna Fire Fire Tribal Island
67%
Riff Natural Air, Earth, Water, Cold Air Island
63%
Shellbeat Natural Air, Plant, Earth, Water Water Island
63%
Deedge Natural Air, Plant, Water, Cold Cold Island
62%
La Dipster Dipster Plant Island
62%
Pummel Natural Plant, Earth, Water Plant Island
62%
Cybop Natural Air, Earth Air Island
60%
Ghazt Ethereal Plasma Plant Island
60%
Ti Dipster Dipster Plant Island
60%
Quarrister Natural Air, Plant, Earth, Cold Earth Island
59%
Quibble Natural Air, Water Cold Island
59%
Do Dipster Dipster Plant Island
57%
Mi Dipster Dipster Plant Island
57%
Spunge Natural Air, Plant, Water Cold Island
57%
Hoola Seasonal SummerSong Earth Island
56%
Pango Natural Air, Cold Cold Island
56%
Congle Natural Air, Water Cold Cold Island
54%
Fa Dipster Dipster Plant Island
54%
Shugabush Shugafam Legendary Plant Island
54%
Wubbox Supernatural Electricity Plant Island
52%
Gob Magical Plant, Light Light Island
51%
Phangler Fire Water, Fire Fire Oasis
51%
Thumpies Natural Air, Plant, Cold Cold Island
51%
G'joob Mythical Mythical Plant Island
49%
Humbug Ethereal Poison Earth Island
49%
Reebro Ethereal Mech Air Island
49%
Sol Dipster Dipster Plant Island
49%
Epic Wubbox Supernatural Electricity Plant Island
48%
Flowah Fire Plant, Fire Fire Haven
48%
Punkleton Seasonal Spooktacle Plant Island
48%
Floot Fly Magical Faerie Faerie Island
46%
Rare Wubbox Supernatural Electricity Plant Island
46%
Scups Natural Air, Earth, Water Air Island
46%
Theremind Magical Psychic Psychic Island
46%
Tring Fire Air, Plant, Earth, Fire Fire Haven
46%
Clackula Magical Bone Bone Island
44%
Glowl Fire Air, Fire Fire Haven
44%
Reedling Natural Air, Plant, Earth Water Island
44%
Stogg Fire Earth, Fire Fire Haven
44%
Tawkerr Werdo Legendary Plant Island
44%
Shugavox Shugafam Legendary Shugabush Island
43%
Yool Seasonal Festival of Yay Cold Island
43%
Boskus Fire Cold, Fire Fire Oasis
41%
Strombonin Mythical Mythical Cold Island
41%
Thrumble Fire Earth, Water, Fire Bone Island
41%
Barrb Fire Air, Plant, Fire Fire Haven
40%
Blabbit Seasonal Eggs-Travaganza Water Island
40%
Grumpyre Ethereal Shadow Cold Island
40%
Jeeode Ethereal Crystal Water Island
40%
Wynq Fire Water, Cold, Fire Fire Oasis
40%
Yawstrich Mythical Mythical Air Island
40%
Fluoress Magical Light Light Island
38%
Jam Boree Seasonal Anniversary Month Seasonal Shanty
38%
Maggpi Werdo Legendary Cold Island
38%
Parlsona Werdo Legendary Plant Island
38%
Brump Wublin Electricity Wublin Island
37%
Enchantling Magical Psychic, Bone, Light, Faerie Magical Sanctum
37%
Floogull Fire Air, Earth, Fire Fire Haven
37%
Pladdie Magical Earth, Cold, Fire, Faerie Faerie Island
37%
Sneyser Fire Air. Water, Cold, Fire Fire Oasis
37%
Sooza Fire Plant, Cold, Fire Light Island
37%
Spurrit Seasonal Perplexplore Seasonal Shanty
37%
Whisp Ethereal Plasma, Shadow Ethereal Island
37%
Sox Ethereal Plasma Crystal Ethereal Island
35%
Whaddle Fire Air, Water, Fire Fire Oasis
35%
Whiz-bang Seasonal SkyPainting Seasonal Shanty
35%
Candelavra Fire Air, Plant, Earth, Water, Fire Amber Island
33%
Monculus Seasonal Life-Formula Seasonal Shanty
33%
Woolabee Fire Air, Cold, Fire Fire Oasis
33%
Bellowfish Ethereal Mech, Crystal Ethereal Island
32%
Bowhead Fire Air, Plant, Water, Cold, Fire Amber Island
32%
Dragong Ethereal Mech, Poison Ethereal Island
32%
Gloptic Magical Plant, Water, Fire, Psychic Psychic Island
32%
Jellbilly Ethereal Plasma, Poison Ethereal Island
32%
Plinkajou Magical Earth, Water, Fire, Bone Bone Island
32%
Rootitoot Fire Plant, Water, Fire Psychic Island
32%
Schmoochle Seasonal Season of Love Air Island
32%
Shugabass Shugafam Legendary Shugabush Island
32%
Bisonorus Fire Air, Plant, Water, Fire Amber Island
30%
Blow't Magical Plant, Cold, Fire, Light Light Island
30%
Cherubble Mythical Mythical Fire Oasis
30%
Fung Pray Ethereal Crystal, Poison Ethereal Island
30%
Gobbleygourd Seasonal Feast-Ember Fire Haven
30%
Rooba Magical Plant, Fire, Psychic Psychic Island
30%
Stoowarb Werdo Legendary Air Island
30%
Xyster Magical Psychic, Bone Magical Sanctum
30%
Yelmut Fire Air, Plant, Cold, Fire Amber Island
30%
Ziggurab Fire Earth, Cold, Fire Faerie Island
30%
Zynth Wublin Electricity Wublin Island
30%
Arackulele Ethereal Shadow, Mech Ethereal Island
29%
Banjaw Magical Water, Fire, Bone Bone Island
29%
Bonkers Magical Plant, Psychic Psychic Island
29%
Carillong Seasonal Crescendo Moon Seasonal Shanty
29%
Flum Ox Fire Air, Earth, Water, Fire Amber Island
29%
G'day Magical Psychic, Bone, Light Magical Sanctum
29%
Krillby Fire Air, Earth, Cold, Fire Amber Island
29%
Poppette Magical Water, Psychic Psychic Island
29%
Repatillo Fire Plant, Earth, Fire Fire Haven
29%
Tiawa Fire Earth, Water, Cold, Fire Amber Island
29%
TooToo Magical Plant, Fire, Light Light Island
29%
Boodoo Ethereal Shadow, Crystal Ethereal Island
27%
Boo'qwurm Seasonal MindBoggle Seasonal Shanty
27%
Shugabeats Shugafam Legendary Shugabush Island
27%
Shugajo Shugafam Legendary Shugabush Island
27%
Clavavera Seasonal Beat Hereafter Bone Island
25%
Déjà-Jin Magical Psychic, Faerie Magical Sanctum
25%
HippityHop Magical Earth, Faerie Faerie Island
25%
Incisaur Fire Plant, Water, Cold, Fire Amber Island
25%
Nebulob Ethereal Plasma, Mech Ethereal Island
25%
Osstax Magical Bone, Faerie Magical Sanctum
25%
Pluckbill Magical Fire, Light Light Island
25%
PongPing Fire Plant, Earth, Cold, Fire Amber Island
25%
Edamimi Fire Plant, Earth, Water, Fire Amber Island
24%
Ffidyll Seasonal Cloverspell Seasonal Shanty
24%
Knucklehead Magical Light, Faerie Magical Sanctum
24%
Roarick Magical Bone, Light Magical Sanctum
24%
Shugabuzz Shugafam Legendary Shugabush Island
24%
Spytrap Magical Plant, Cold, Light Light Island
24%
Viveine Seasonal Echoes of Eco Seasonal Shanty
24%
Bulbo Magical Cold, Light Light Island
22%
Cahoot Magical Psychic, Light Magical Sanctum
22%
Denchuhs Magical Water, Bone Bone Island
22%
Gheegur Wublin Electricity Wublin Island
22%
Kazilleon Ethereal Shadow, Poison Ethereal Island
22%
Mushaboom Magical Bone, Light, Faerie Magical Sanctum
22%
Peckidna Magical Earth, Bone Bone Island
22%
Poewk Wublin Electricity Wublin Island
22%
Shugarock Shugafam Legendary Shugabush Island
22%
Shugitar Shugafam Legendary Shugabush Island
22%
Cataliszt Mythical Dream Mythical Island
21%
Galvana Celestial Celestial Celestial Island
21%
Periscorp Magical Water, Fire, Psychic Psychic Island
21%
Pixolotl Wublin Electricity Wublin Island
21%
Screemu Wublin Electricity Wublin Island
21%
Tapricorn Magical Plant, Water, Psychic Psychic Island
21%
Thwok Wublin Electricity Wublin Island
21%
Torrt Celestial Celestial Celestial Island
21%
Tympa Wublin Electricity Wublin Island
21%
Whajje Wublin Electricity Wublin Island
21%
Wimmzies Magical Fire, Faerie Faerie Island
21%
Yuggler Magical Fire, Psychic Psychic Island
21%
Zuuker Wublin Electricity Wublin Island
21%
Astropod Wublin Electricity Wublin Island
19%
Attmoz Celestial Celestial Celestial Island
19%
Blasoom Celestial Celestial Celestial Island
19%
Blipsqueak Wublin Electricity Wublin Island
19%
Clavi Gnat Magical Cold, Fire, Faerie Faerie Island
19%
Dermit Wublin Electricity Wublin Island
19%
Fiddlement Magical Cold, Fire, Light Light Island
19%
Frondley Magical Psychic, Light, Faerie Magical Sanctum
19%
Larvaluss Magical Psychic, Bone, Faerie Magical Sanctum
19%
shLep Mythical Mythical, Dream Mythical Island
19%
Sporerow Mythical Mythical, Dream Mythical Island
19%
Bleatnik Mythical Mythical, Dream Mythical Island
17%
Cranchee Mythical Mythical, Dream Mythical Island
17%
Creepuscule Wublin Electricity Wublin Island
17%
Dwumrohl Wublin Electricity Wublin Island
17%
Glaishur Celestial Celestial Celestial Island
17%
Hawlo Magical Fire, Bone Bone Island
17%
Maulch Wublin Electricity Wublin Island
17%
Plixie Celestial Celestial Celestial Island
17%
Withur Magical Earth, Water, Bone Bone Island
17%
Bona-Petite Wublin Electricity Wublin Island
16%
Cantorell Magical Earth, Cold, Faerie Faerie Island
16%
Fleechwurm Wublin Electricity Wublin Island
16%
Furnoss Celestial Celestial Celestial Island
16%
Loodvigg Celestial Celestial Celestial Island
16%
Scaratar Celestial Celestial Celestial Island
16%
Uuduk Magical Earth, Fire, Bone Bone Island
16%
Bridg-It Magical Earth, Fire, Faerie Faerie Island
14%
Hornacle Celestial Celestial Celestial Island
14%
Squot Magical Cold, Faerie Faerie Island
14%
Syncopite Celestial Celestial Celestial Island
14%
Vhamp Celestial Celestial Celestial Island
14%
Scargo Wublin Electricity Wublin Island
13%
No matching quizzes found
Score Distribution
Percent of People with Each Score
Percentile by Number Answered
Your Score History
You have not taken this quiz since the last reset